The interactive space encyclopedia
Οδηγός που καλύπτει ποικίλα θέματα που σχετίζονται με το ανώτερο διάστημα. Παρουσιάζει ιστορικά γεγονότα σχετικά με την εξερεύνηση του διαστήματος. Περιέχει 1500 έγχρωμες φωτογραφίες, πάνω από 1000 κείμενα και 150 κινούμενες εικόνες...
Αποθηκεύτηκε σε:
| Κύριος συγγραφέας: | |
|---|---|
| Συγγραφή απο Οργανισμό/Αρχή: | |
| Άλλοι συγγραφείς: | |
| Μορφή: | Ηλεκτρονική πηγή |
| Γλώσσα: | English |
| Δημοσίευση: |
Abingdon Oxfordshire, England :
Andromeda Interactive,
1994
|
| Θέματα: | |
| Ετικέτες: |
Προσθήκη ετικέτας
Δεν υπάρχουν, Καταχωρήστε ετικέτα πρώτοι!
|
MARC
| LEADER | 00000cmm a2200000 i 4500 | ||
|---|---|---|---|
| 001 | 1/54027 | ||
| 008 | 040507s1994 eng d | ||
| 035 | |l 10073196 | ||
| 040 | |a GR-MY-UA |b gre |e aacr | ||
| 041 | 0 | |a eng | |
| 082 | 0 | |a 629.4 |2 (21) | |
| 245 | 1 | 4 | |a The interactive space encyclopedia |h [αρχείο Η/Υ] / |c Presented by Patrick Moore; text by Robin Kerrod |
| 260 | |a Abingdon Oxfordshire, England : |b Andromeda Interactive, |c 1994 | ||
| 300 | |a 1 οπτική δισκέτα λέϊζερ H/Y; |c 4 3/4 ίν. | ||
| 500 | |a Version Windows 3.1 | ||
| 520 | |a Οδηγός που καλύπτει ποικίλα θέματα που σχετίζονται με το ανώτερο διάστημα. Παρουσιάζει ιστορικά γεγονότα σχετικά με την εξερεύνηση του διαστήματος. Περιέχει 1500 έγχρωμες φωτογραφίες, πάνω από 1000 κείμενα και 150 κινούμενες εικόνες | ||
| 538 | |a Ελάχιστες απαιτήσεις συστήματος: μνήμη RAM 4 MB; 256 με ανάλυση χρωμάτων; οδηγό CD-ROM 125 KB; σκληρός δίσκος 2 ΜΒ ελεύθερο χώρο; ποντίκι; επεξεργαστής 386 | ||
| 650 | 0 | 0 | |a Outer space. |
| 700 | 1 | |a Moore, Patrick. | |
| 700 | 1 | |a Kerrod, Robin. |4 cmp | |
| 710 | 1 | |a Andromeda Interactive. | |
| 852 | |a INST |b LESVOS |c AV |e 20040507 |h 629.4 INT |p 005100028277 |q 005100028277 |t CDROM |y 23 | ||
| 901 | |a BIBL1-2004-2 | ||
| 909 | |a Λ |b 111214 | ||
| 970 | |a ΜΑΡΙΝΑΤΟΥ |b ΜΥΡΣΙΝΗ |z 2004/05/07 | ||